00281nam a2200097Ia 4500008004000000082001600040100002300056245004500079260004600124300001300170210210b1959 xxu||||| |||| 00| 0 eng d a300.72 GOOB aGOODE (William J). aBasic course in sociological statistics. aNew York.bHenry Holt And Company.,c1959 axiii,370